000
00208nmm a2200085Ia 4500
008
220120s9999||||xx |||||||||||||||||und||
100
_a
PCQ
245
0
_a
30 power power packed network MGMT tools
260
_c
2014
999
_c
139904
_d
139904